00702cam a22002171 4500001001300000003000400013005001700017008004100034010001700075035001900092040003600111042001200147050002100159082001200180100001900192245009800211260004400309300004000353610007600393999001500469af 49001061 DLC20260227110918.0820913s1933 gw ac 000 0 ger c aaf 49001061  a(OCoLC)8769900 aHarvard Univ. LibrarycNcUdDLC apremarc00aDD253.43.B5bH54 a329.9431 aHiemisch, Max.14aDer nationalsozialistische Kampf um Bielefeld;bdie Geschichte der N. S. D. A. P., Bielefeld. aBielefeld,bP. Holtmannc[Vorwort 1933] a77 p.billus., group ports.c22 cm.20aNationalsozialistische Deutsche Arbeiter-Partei.bOrtsgruppe Bielefeld. c6830d6830